تأثير النفط الخام على بعض الفعاليات الفسلجية للسيانوبكتريا المكونة للحويصلات المغايرة و أثره على نمو و إنبات الرز / (رقم التسجيلة. 33733)
[ عرض عادي ]
| 000 -LEADER | |
|---|---|
| fixed length control field | 00724nam a22001817a 4500 |
| 005 - DATE AND TIME OF LATEST TRANSACTION | |
| control field | 20251108165859.0 |
| 008 - FIXED-LENGTH DATA ELEMENTS--GENERAL INFORMATION | |
| fixed length control field | 250721s1990 xx 000 0 ara d |
| 082 14 - DEWEY DECIMAL CLASSIFICATION NUMBER | |
| Classification number | م/633.1/ايا |
| 100 1# - MAIN ENTRY--PERSONAL NAME | |
| Personal name | العبيدي، إياد محمد علي فاضل |
| 245 10 - TITLE STATEMENT | |
| Title | تأثير النفط الخام على بعض الفعاليات الفسلجية للسيانوبكتريا المكونة للحويصلات المغايرة و أثره على نمو و إنبات الرز / |
| 264 1# - PRODUCTION, PUBLICATION, DISTRIBUTION, MANUFACTURE, AND COPYRIGHT NOTICE | |
| Place of production, publication, distribution, manufacture | بغداد : |
| Name of producer, publisher, distributor, manufacturer | جامعة بغداد، |
| Date of production, publication, distribution, manufacture, or copyright notice | 1990. |
| 300 ## - PHYSICAL DESCRIPTION | |
| Extent | 147ص : ايض |
| 500 ## - GENERAL NOTE | |
| General note | رسالة ماجستير جامعة بغداد |
| 650 17 - SUBJECT ADDED ENTRY--TOPICAL TERM | |
| Topical term or geographic name as entry element | الحبوب |
| 650 17 - SUBJECT ADDED ENTRY--TOPICAL TERM | |
| Topical term or geographic name as entry element | الأرز |
| 942 ## - ADDED ENTRY ELEMENTS (KOHA) | |
| Source of classification or shelving scheme | Dewey Decimal Classification |
| Koha item type | مراجع |
| حالة السحب | حالة الفقدان | مصدر التصنيف | حالة التلف | غير قابل للإعارة | المكتبة الرئيسية | المكتبة الحالية | موقع الرف | تاريخ التزويد | الرقم المتسلسل | Total Checkouts | رقم الإستدعاء | الباركود | تاريخ آخر ظهور | تاريخ الفاتورة | نوع المادة (كوها) |
|---|---|---|---|---|---|---|---|---|---|---|---|---|---|---|---|
| Dewey Decimal Classification | Not For Loan | المكتبة المركزية | المكتبة المركزية | مراجع | 06/07/2004 | 150687 | م/633.1/ايا | 150687 | 28/07/2025 | 06/07/2004 | مراجع |